00691nam a2200121Ia 4500008004100000082002500041100001400066245014700080260003900227365000900266630014700275730014700422100415s9999 xx 000 0 und d b18325a599.725(5475) aSINGH, HS aEcological Study of Wild Ass Sanctuary : Little Rann of Kutch (A Comprehensive study on biodiversity and management issues): (OVERSIZED BOOKS) aGANDHINAGARc1999bGEER FOUNDATION b1200 aEcological Study of Wild Ass Sanctuary : Little Rann of Kutch (A Comprehensive study on biodiversity and management issues): (OVERSIZED BOOKS) aEcological Study of Wild Ass Sanctuary : Little Rann of Kutch (A Comprehensive study on biodiversity and management issues): (OVERSIZED BOOKS)